000 00652nam a2200241 i 4500
001 C2-0284041
003 PPAK
005 20180728013955.0
008 071126s2006 ii a|||| ||||| | eng d
020 _a1845575482
040 _aPPAK
_beng
_cPPAK
_erda
082 0 4 _a428.6
_223
090 0 0 _a428.6
_bTWA
_dK
100 1 _aTwain, Mark,
_eauthor
245 1 4 _aThe adventures of Huckleberry Finn
264 1 _aNew Delhi :
_bNew Dawn Press ,
_c2006
300 _a61 pages :
_bcolour illustrations ;
_c18 cm
336 _2rdacontent
_atext
337 _2rdamedia
_aunmediated
338 _2rdacarrier
_avolume
650 1 0 _aReaders.
942 _ddc
_cB
999 _c90033
_d90033